An Army never Created

Titel: An Army never Created : Lithuanian National Units in Russia and their Veterans Organisation in Lithuania in the Interwar Period / Vytautas Jokubauskas
Verfasser:
In: ˜Theœ Great War in Lithuania and Lithuanians in the Great War: experiences and memories, (2017), Seite 101-122
alle Artikel anzeigen
Veröffentlicht: 2017
Format: Aufsatz
Sprache: Englisch
Schlagworte:
Kein Bild verfügbar
X
alg: 43800272
001A    $03025:26-10-18 
001B    $01999:26-10-18 $t23:04:19.000 
001D    $03025:26-10-18 
001U    $0utf8 
001X    $00 
002@    $0Aou 
002C    $aText $btxt $2rdacontent 
002D    $aohne Hilfsmittel zu benutzen $bn $2rdamedia 
002E    $aBand $bnc $2rdacarrier 
003@    $0438002725 
007A    $0438002725 $aHEB 
010@    $aeng 
010E    $erda 
011@    $a2017 
021A    $aAn @Army never Created $dLithuanian National Units in Russia and their Veterans Organisation in Lithuania in the Interwar Period $hVytautas Jokubauskas 
028A    $BVerfasser $4aut $7110626147X $8Jokubauskas, Vytautas$Z1978- [Tp3] $9384568106 
031A    $g22 $h101-122 $j2017 
039B    $aEnthalten in $8--Aau--. The @Great War in Lithuania and Lithuanians in the Great War: experiences and memories. - Klaipėda : Klaipėdos universiteto leidykla, 2017. - 238 Seiten $x201700000000000899 $9434658367 
044K    $RLitovskaja Gubernija $RLitauische Sozialistische Sowjetrepublik $#Litauen $#Litauen $#Lithuania $#Lietuvos Respublika $#République Lithuanienne $#Lithuanie $#Litva 1918 - 1940, 1991, 9 - $#Litovskaja Respublika $#Lithuania 1918 - 1940, 1991, 9 - $#Republik Litauen $#Republic of Lithuania $#Lithuanian Republic $#Litauische Republik $#Lietuva $74074266-0 $8Litauen [Tg1] $9085209074 
044K    $RRussische SFSR $#Russland $#Russland $#Россия $#Rußland $#Krievija $#Federazione Russa $#RF $#Großrussland $#Großrußland $#Russia -1917; 1992- $#Rossijskaja Imperija $#Russie $#Empire de Russie $#Russian Federation $#Federacja Rosyjska $#Rosja $#Rossija $#Rossijskaja Federacija $#Russische Föderation $#RF Rossija $#Russia $#Russland -1917 ; 1992- $#Russisches Reich $#РФ $#Российская Федерация $#Российская Империя $74076899-5 $8Russland [Tgz] $9085217913 
044K    $RRüstung $#Militari $#Militär $#Militär $#Heerwesen $#Kriegswesen $#Streitkräfte $#Wehrwesen $#Militärwesen $#Armee Militär $74039305-7 $8Militär [Tsz] $9085107107 
044K    $RNationalbewegung $RNationalbewusstsein $RPatriotismus $#Nationalism $#Nationalisme $#Nacionalismo $#Nationalismus $#Nationalismus $74041300-7 $8Nationalismus [Ts1] $9085113069 
044K    $RSoldat $RKriegsteilnehmer $#Veterans $#Anciens combattants $#Reduci di guerra $#Veteranos $#Kriegsveteran $74188196-5 $8Veteran [Ts1] $9085925268 
044K    $RFreiwillige Vereinigung $RNonprofit-Organisation $RKlub $#Societies $#Associations $#Vereine $74062714-7 $8Verein [Ts1] $9085175005 
045F    $a355.009479309041 $eDDC23BSB 
045F/01 $a355.009 
045F/03 $f09041 
045F/03 $g4793 
045R    $aGeschichte 1914-1939 
046L    $aLitauische Zusammenfassung unter dem Titel: Nei̧vykusi kariuomenė: Lietuviu̧ tautiniai daliniai Rusijoje ir ju̧ veteranu̧ organizavimasis Lietuvoje tarpukariu 

lok: 43800272 78

exp: 43800272 78 1 #EPN
201B/01 $026-10-18 $t09:39:51.000 
201C/01 $026-10-18 
201U/01 $0utf8 
203@/01 $01031329641 
208@/01 $a26-10-18 $be 
209A/01 $a/ $f000 $x00 
209A/01 $ab*p $x01 
220C/01 $akoe 
247C/01 $82080>Marburg/Lahn, Herder-Institut, Forschungsbibliothek, Bibliographieportal $9336309341
LEADER 00000caa a2200000 c 4500
001 438002725
003 DE-603
005 20181026230419.0
007 tu
008 181026s2017 xx |||| | u00||u|eng c
035 |a (DE-599)HEB438002725 
040 |a DE-603  |b ger  |c DE-603  |d DE-603  |e rda 
041 |a eng 
082 0 4 |8 1\u  |a 355.009479309041  |q DE-101  |2 23/BSB 
085 |8 1\u  |b 355.009 
085 |8 1\u  |z 1  |s 09041 
085 |8 1\u  |z 2  |s 4793 
100 1 |a Jokubauskas, Vytautas  |d 1978-  |e Verfasser  |4 aut  |0 (DE-603)384568106  |0 (DE-588)110626147X  |2 gnd 
245 0 0 |a ˜Anœ Army never Created  |b Lithuanian National Units in Russia and their Veterans Organisation in Lithuania in the Interwar Period  |c Vytautas Jokubauskas 
264 0 |c 2017 
336 |a Text  |b txt  |2 rdacontent 
337 |a ohne Hilfsmittel zu benutzen  |b n  |2 rdamedia 
338 |a Band  |b nc  |2 rdacarrier 
546 |a Litauische Zusammenfassung unter dem Titel: Nei̧vykusi kariuomenė: Lietuviu̧ tautiniai daliniai Rusijoje ir ju̧ veteranu̧ organizavimasis Lietuvoje tarpukariu 
648 7 |a Geschichte 1914-1939  |2 gnd 
650 7 |a Militär  |0 (DE-588)4039305-7  |0 (DE-603)085107107  |2 gnd 
650 7 |a Nationalismus  |0 (DE-588)4041300-7  |0 (DE-603)085113069  |2 gnd 
650 7 |a Veteran  |0 (DE-588)4188196-5  |0 (DE-603)085925268  |2 gnd 
650 7 |a Verein  |0 (DE-588)4062714-7  |0 (DE-603)085175005  |2 gnd 
651 7 |a Litauen  |0 (DE-588)4074266-0  |0 (DE-603)085209074  |2 gnd 
651 7 |a Russland  |0 (DE-588)4076899-5  |0 (DE-603)085217913  |2 gnd 
773 0 8 |i Enthalten in  |t ˜Theœ Great War in Lithuania and Lithuanians in the Great War: experiences and memories  |d Klaipėda : Klaipėdos universiteto leidykla, 2017  |h 238 Seiten  |g (2017), Seite 101-122  |w (DE-603)434658367 
924 0 |9 2080  |a (DE-603)1031329641  |b DE-2080  |c HES  |d d  |g /